Berner Festgabe zum schweizerischen juristentag 1979

Tallennettuna:
Bibliografiset tiedot
Päätekijä: Bucher, Eugen (autor)
Muut tekijät: Saladin, Peter
Aineistotyyppi: Kirja
Kieli:saksa
Julkaistu: Berna, Suiza Paul Haupt 1979
Aiheet:
Tagit: Lisää tagi
Ei tageja, Lisää ensimmäinen tagi!

MARC

LEADER 00000cam a2200000 a 4500
001 UCD2535
003 CL-VaPUC
005 20231103122115.0
008 160428e19790000sz |||||||||||||||||ger|d
999 |c 363689  |d 363687 
020 |a 3258028591 
040 |c Pontificia Universidad Católica de Valparaíso 
082 0 4 |a 340.079 BUC 1979  |2 21 
100 |a Bucher, Eugen  |e autor  |9 585891 
245 1 0 |a Berner Festgabe zum schweizerischen juristentag 1979 
260 0 3 |a Berna, Suiza  |b Paul Haupt  |c 1979 
300 |a 591 páginas 
583 |a last modification  |c 20160428 21:50:00  |k Rodrigo Vera 
650 7 |a DERECHO SUIZO  |2 CL-VaPUC  |9 386243 
650 0 |a Historia del derecho  |9 255109 
650 0 |a Juristas  |9 255986 
651 0 |a Suiza   |9 256768 
700 0 |a Saladin, Peter  |9 585892 
942 |c BK  |2 ddc 
945 |d 20160428 21:50:00  |a arojas 
952 |0 0  |1 0  |2 ddc  |3 erb  |4 0  |6 340_079000000000000_BUC_1979  |7 0  |8 DER_HDC  |9 476341  |a BIBDER  |b BIBDER  |i 5283779  |o 340.079 BUC 1979  |p 5283779  |r 2023-01-25  |t 1  |w 2019-11-24  |x Ubicación 4to Piso  |y BK  |z Estos recursos deben solicitarse con anticipación  |k DER